[Event "HK-chT 1819 Series B"]
[Site "Denmark"]
[Date "2019.11.02"]
[Round "1"]
[White "Trier, Jakob"]
[Black "Nielsen, Anton"]
[Result "0-1"]
[WhiteElo "1247"]
[BlackElo "1304"]
[PlyCount "128"]
[EventDate "2018.11.02"]
[EventType "team-tourn"]
[EventRounds "7"]
[EventCountry "DEN"]
[SourceTitle "EXT 2025"]
[Source "ChessBase"]
[SourceDate "2024.10.14"]
[SourceVersion "1"]
[SourceVersionDate "2024.10.14"]
[SourceQuality "1"]
[WhiteTeam "NSK"]
[BlackTeam "Helsingor III"]
[WhiteTeamCountry "DEN"]
[BlackTeamCountry "DEN"]

1. e4 e5 2. Nf3 Nc6 3. Bb5 a6 4. Ba4 b5 5. Bb3 h6 6. Bd5 Nf6 7. Bxc6 dxc6 8. Nxe5 Qd4 9. Nxc6 Qxe4+ 10. Qe2 Qxe2+ 11. Kxe2 Bb7 12. Na5 Bxg2 13. Re1 Bh3 14. Kd1+ Be7 15. Re3 Be6 16. Rg3 0-0 17. d3 Kh8 18. Be3 Bd6 19. f4 Nh5 20. Nc3 Nxg3 21. hxg3 Bb4 22. Nb3 Bxc3 23. bxc3 Bxb3 24. axb3 f5 25. Bd4 Kh7 26. Ke2 g5 27. Be5 c6 28. c4 Kg6 29. Kf3 g4+ 30. Kf2 h5 31. Re1 bxc4 32. dxc4 a5 33. Ra1 Rf7 34. b4 a4 35. b5 cxb5 36. cxb5 Rb7 37. c4 Kf7 38. Bd4 Ke6 39. Rh1 Rh7 40. Re1+ Kd6 41. Re5 a3 42. c5+ Kc7 43. b6+ Kc6 44. Rxf5 a2 45. Ba1 h4 46. gxh4 Rxh4 47. Kg2 g3 48. Be5 a1Q 49. Bxa1 Rxa1 50. Kxg3 Rhh1 51. Kg4 Ra5 52. b7 Rg1+ 53. Kf3 Rg8 54. Rg5 Rb8 55. Rg6+ Kxb7 56. Rb6+ Kc7 57. Rxb8 Kxb8 58. c6 Kc7 59. Kg4 Kd8 60. f5 Ke7 61. Kg5 Kf7 62. c7 Rc5 63. c8Q Rxc8 64. Kf4 Kf6 0-1